000 00905nam a2200265 i 4500
003 DO-SdBNP
005 20230920150717.0
007 ta
008 110413s2022 dr 000 0 spa d
020 _a9789945621884
020 _a9789945621891
040 _aDO-SdBNP
_bspa
_cBNPHU
_erda
082 _bR426
_222
110 1 _aRepública Dominicana
_bMinisterio de Salud Pública y Asistencia Social
_978774
245 1 0 _aNorma para la atención integral en salud de las personas en situación de violencia de género e intrafamiliar /
264 _aSanto Domingo :
_bMinisterio de Salud Pública y Asistencia Social,
_c2022.
300 _a47 páginas
_c26 cm.
336 _2rdacontent
_atexto
_btxt
337 _2rdamedia
_asin mediación
_bn
338 _2rdacarrier
_avolumen
_bnc
504 _aBibliografía p: 40-44
590 _aInventariado, 2023/ YL
910 _aYLockward
942 _2ddc
_cLF2
999 _c54867
_d54867